00507nam a22001217a 4500008004100000040001800041041000800059100003500067245018900102260005000291300001700341500002700358130821s1842 fr gr fre  aCo-BoUCMbspa00afre aJuan Crisostomo,Santo, 344-40700aOpera OmniabCastigata ad Manuscriptus, Codices Gallicos, Vaticanos, Anglicanos, Germanicos, etc. Monje de la orden de San Benito Monje de la orden de San BenitocSan Juan Crisóstomo aParís (Francia)bVico Dicto Montrougec1842 a13 en 8 vol. aNotas al pie del texto